Chongqing City Quiz - Statistics

General Stats
  • This quiz has been taken 25 times
  • The average score is 10 of 20
Answer Stats
Hint Answer % Correct
Provinces that Chongqing borders Sichuan
100%
Provinces that Chongqing borders Hubei
87%
Provinces that Chongqing borders Hunan
83%
Provinces that Chongqing borders Shaanxi
83%
Chongqing is located at the confluence of these two rivers Yangtze River
83%
Provinces that Chongqing borders Guizhou
74%
Famous cuisine of Chongqing, a type of food dipped in soup boiled on fire Hot pot
70%
Chongqing is located at the confluence of these two rivers Jialing River
57%
Nickname of Chongqing for its geographical location Mountain City
57%
Chongqing was capital of the Republic of China during this war Second Sino-Japanese War
57%
Public square at the confluence of the above rivers Chaotianmen Square
48%
Major business district centered around the People’s Liberation Monument Jiefangbei
43%
Two of China’s Three Gorges that are located in Chongqing Wu Gorge
39%
Museum of the above as well as the history of Chongqing Three Gorges Museum
35%
Formerly a gate, now a famous multi-level shopping arcade Hongyadong
30%
Two of China’s Three Gorges that are located in Chongqing Qutang Gorge
30%
Former city where Liu Bei entrusted his child and kingdom to Zhuge Liang White Emperor City
30%
Ancient town of Ming and Qing Dynasty buildings near the city center Ciqikou Ancient Town
17%
Ancient town by the Wu River in southeast Chongqing that is 1800 years old Gongtan Ancient Town
9%
Peach blossom scenic area near the above ancient town Youyang Taohuayuan
4%
No matching quizzes found
Score Distribution
Percent of People with Each Score
Percentile by Number Answered
Your Score History
You have not taken this quiz